000 00488nam a2200181Ia 4500
005 20250326125427.0
008 250326s9999 xx 000 0 und d
037 _aTextbook
040 _aFMSL
_beng
_cFMSL
041 _aeng
_2eng
084 _aYX M1
_qFMSL
100 _aParsloe P
_9702251
245 0 _aSocial services area teams
_cParsloe P
260 _aLondon
_bLondon, George Allen & Unwin
_c1981
300 _a189p
942 _cTB
_hYX M1
999 _c1278017
_d1278017